| 000 | 00434nam a22001697a 4500 | ||
|---|---|---|---|
| 003 | CEME | ||
| 005 | 20210628203752.0 | ||
| 008 | 210416b xxu||||| |||| 00| 0 eng d | ||
| 020 | _a1-85532-454-7 | ||
| 040 | _c. | ||
| 082 | _a341.231 PIT'U | ||
| 100 |
_aPitta, Robert , Mccouaig, Simon _967215 |
||
| 245 | _aUnited nations(un)forces , 1948-94 | ||
| 260 |
_aLONDON _bOSPREY MILITARY _c1994 |
||
| 300 | _a64P,ILL | ||
| 942 |
_cBK _2ddc |
||
| 999 |
_c575044 _d575044 |
||